Neľahká cesta od unifikácie životných činností. 1 Analýza koncepcií hodnotenia kvality života do roku 1989 a po roku 1990
Meranie výkonnosti národného hospodárstva pred rokom 1989. Podriadenie štatistiky politickým cieľom. Zmena hlavných princípov merania a hodnotenia výkonnosti ekonomického systému od začiatku transformácie. Hodnotenie životnej úrovne sa orientuje na ukazovatele nezamestnanosti, životných nákladov a s...
Uložené v:
| Hlavný autor: | |
|---|---|
| Médium: | Kapitola |
| Jazyk: | Slovak |
| Predmet: | |
| Tagy: |
Žiadne tagy, Buďte prvý, kto otaguje tento záznam!
|
MARC
| LEADER | 00000naa a2200000 4500 | ||
|---|---|---|---|
| 001 | r019396 | ||
| 005 | 20221213100944.6 | ||
| 041 | 0 | |a slo | |
| 044 | |a SK | ||
| 245 | 1 | 0 | |a Neľahká cesta od unifikácie životných činností. 1 |b Analýza koncepcií hodnotenia kvality života do roku 1989 a po roku 1990 |c Tatiana Letková |
| 520 | |a Meranie výkonnosti národného hospodárstva pred rokom 1989. Podriadenie štatistiky politickým cieľom. Zmena hlavných princípov merania a hodnotenia výkonnosti ekonomického systému od začiatku transformácie. Hodnotenie životnej úrovne sa orientuje na ukazovatele nezamestnanosti, životných nákladov a spotrebiteľských cien. Politika štátu a jej dôsledky v oblasti usmerňovania vývoja uspokojovania metriálnych i duchovných cieľov. | ||
| 610 | 2 | 0 | |a úroveň životná |
| 610 | 2 | 0 | |a štýl životný |
| 610 | 2 | 0 | |a transformácia |
| 610 | 2 | 0 | |a Slovensko |
| 610 | 2 | 0 | |a hospodárstvo národné |
| 610 | 2 | 0 | |a výkonnosť |
| 610 | 2 | 0 | |a 1989 |
| 610 | 2 | 0 | |a 1990 |
| 610 | 2 | 0 | |a ukazovatele ekonomické |
| 610 | 2 | 0 | |a štatistika |
| 610 | 2 | 0 | |a náklady životné |
| 610 | 2 | 0 | |a nezamestnanosť |
| 610 | 2 | 0 | |a reformy hospodárske |
| 100 | 1 | |a Letková, Tatiana | |